000
00325nam a22001217a 4500
008
160420b xxu||||| |||| 00| 0 eng d
020
_a
0072970480
082
_a
363.7 ENG
100
_a
ENGER, ELDON D[ed]
245
_a
ENVIRONMENTAL SCIENCE: A STUDY OF INTERRELATIONSHIP.
250
_a
10 ed
260
_a
BOSTON.
_b
MC GRAW HILL.
999
_c
4134
_d
4134